MARC details
| 000 -LEADER |
| fixed length control field |
02355cam a22003854a 4500 |
| 001 - CONTROL NUMBER |
| control field |
5844441 |
| 003 - CONTROL NUMBER IDENTIFIER |
| control field |
ARRUPE |
| 005 - DATE AND TIME OF LATEST TRANSACTION |
| control field |
20150828123842.0 |
| 008 - FIXED-LENGTH DATA ELEMENTS--GENERAL INFORMATION |
| fixed length control field |
060327s2006 mauaf b 001 0 eng |
| 010 ## - LIBRARY OF CONGRESS CONTROL NUMBER |
| LC control number |
2006044554 |
| 015 ## - NATIONAL BIBLIOGRAPHY NUMBER |
| National bibliography number |
GBA672063 |
| Source |
bnb |
| 016 7# - NATIONAL BIBLIOGRAPHIC AGENCY CONTROL NUMBER |
| Record control number |
013536971 |
| Source |
Uk |
| 020 ## - INTERNATIONAL STANDARD BOOK NUMBER |
| International Standard Book Number |
0674023161 |
| 024 3# - OTHER STANDARD IDENTIFIER |
| Standard number or code |
9780674023161 |
| 035 ## - SYSTEM CONTROL NUMBER |
| System control number |
(OCoLC)ocm65521612 |
| 035 ## - SYSTEM CONTROL NUMBER |
| System control number |
(DLC) 2006044554 |
| 035 ## - SYSTEM CONTROL NUMBER |
| System control number |
(NNC)5844441 |
| 040 ## - CATALOGING SOURCE |
| Original cataloging agency |
DLC |
| Transcribing agency |
DLC |
| Modifying agency |
BAKER |
| -- |
UKM |
| -- |
C#P |
| -- |
OrLoB-B |
| 041 1# - LANGUAGE CODE |
| Language code of text/sound track or separate title |
eng |
| Language code of original and/or intermediate translations of text |
fre |
| 042 ## - AUTHENTICATION CODE |
| Authentication code |
pcc |
| 050 00 - LIBRARY OF CONGRESS CALL NUMBER |
| Classification number |
BD581 |
| Item number |
.H2813 2006 |
| 082 00 - DEWEY DECIMAL CLASSIFICATION NUMBER |
| Classification number |
113.09 |
| Edition number |
22 |
| 300 ## - PHYSICAL DESCRIPTION |
| Other physical details |
ill. ; |
| Dimensions |
22 cm. |
| 100 1# - MAIN ENTRY--PERSONAL NAME |
| Personal name |
Hadot, Pierre. |
| 9 (RLIN) |
19169 |
| 240 10 - UNIFORM TITLE |
| Uniform title |
<a href="Voile d'Isis.">Voile d'Isis.</a> |
| Language of a work |
English |
| 245 14 - TITLE STATEMENT |
| Title |
The veil of Isis : |
| Remainder of title |
an essay on the history of the idea of nature / |
| Statement of responsibility, etc |
Pierre Hadot ; translated by Michael Chase. |
| 260 ## - PUBLICATION, DISTRIBUTION, ETC. (IMPRINT) |
| Place of publication, distribution, etc |
Cambridge, Mass. : |
| Name of publisher, distributor, etc |
Belknap Press of Harvard University Press, |
| Date of publication, distribution, etc |
2006. |
| 300 ## - PHYSICAL DESCRIPTION |
| Extent |
xii, 399 p., [18] p. of plates : |
| 500 ## - GENERAL NOTE |
| General note |
Translated from the French. |
| 504 ## - BIBLIOGRAPHY, ETC. NOTE |
| Bibliography, etc |
Includes bibliographical references (p. 321-388) and index. |
| 505 00 - FORMATTED CONTENTS NOTE |
| Title |
Prologue at Ephesus : an enigmatic saying -- |
| Miscellaneous information |
1. |
| Title |
Heraclitus' aphorism : "what is born tends to disappear" -- |
| Miscellaneous information |
2. |
| Title |
From Phusis to nature -- |
| Miscellaneous information |
3. |
| Title |
Secrets of the gods and secrets of nature -- |
| Miscellaneous information |
4. |
| Title |
Heraclitus' aphorism and allegorical exegesis -- |
| Miscellaneous information |
5. |
| Title |
"Nature loves to wrap herself up" : mythical forms and corporeal forms -- |
| Miscellaneous information |
6. |
| Title |
Calypso, or "imagination with the flowing veil" -- |
| Miscellaneous information |
7. |
| Title |
The genius of paganism -- |
| Miscellaneous information |
8. |
| Title |
The "gods of Greece" : pagan myths in a Christian world -- |
| Miscellaneous information |
9. |
| Title |
Prometheus and Orpheus -- |
| Miscellaneous information |
10. |
| Title |
Mechanics and magic from antiquity to the Renaissance -- |
| Miscellaneous information |
11. |
| Title |
Experimental science and the mechanization of nature -- |
| Miscellaneous information |
12. |
| Title |
Criticism of the Promethean attitude -- |
| Miscellaneous information |
13. |
| Title |
Physics as a conjectural science -- |
| Miscellaneous information |
14. |
| Title |
Truth as the daughter of time -- |
| Miscellaneous information |
15. |
| Title |
The study of nature as a spiritual exercise -- |
| Miscellaneous information |
16. |
| Title |
Nature's behavior : thrifty, joyful, or spendthrift? -- |
| Miscellaneous information |
17. |
| Title |
The poetic model -- |
| Miscellaneous information |
18. |
| Title |
Aesthetic perception and the genesis of forms -- |
| Miscellaneous information |
19. |
| Title |
Artemis and Isis -- |
| Miscellaneous information |
20. |
| Title |
Isis has no veils -- |
| Miscellaneous information |
21. |
| Title |
The sacred shudder -- |
| Miscellaneous information |
22. |
| Title |
Nature as sphinx -- |
| Miscellaneous information |
23. |
| Title |
From the secret of nature to the mystery of being. |
| 650 #0 - SUBJECT ADDED ENTRY--TOPICAL TERM |
| Topical term or geographic name as entry element |
Philosophy of nature. |
| 9 (RLIN) |
17211 |
| 900 ## - EQUIVALENCE OR CROSS-REFERENCE-PERSONAL NAME [LOCAL, CANADA] |
| Numeration |
TOC |
| 942 ## - ADDED ENTRY ELEMENTS (KOHA) |
| Source of classification or shelving scheme |
Library of Congress Classification |
| Koha item type |
Monograph ( Printed materials) |
| 948 1# - LOCAL PROCESSING INFORMATION (OCLC); SERIES PART DESIGNATOR (RLIN) |
| Series part designator, SPT (RLIN) |
20060920 |
| b (OCLC) |
c |
| c (OCLC) |
dc21 |
| d (OCLC) |
MPS |